Wetenschappelijke grootheden obv de eenheden - Statistieken

Algemene statistieken
  • Deze quiz is 113 keer genomen
  • De gemiddelde score is 13 van 28
Antwoordstatistieken
Eenheid Grootheid % Correct
Meter Afstand
95%
Lumen Lichtstroom
87%
Candela Lichtsterkte
81%
Newton Kracht
76%
Pascal Druk
70%
Kilogram Massa
70%
Seconde Tijd
70%
Joule Energie
68%
Fahrenheit, Kelvin of Graden Celsius Temperatuur
67%
Ohm Weerstand
65%
Volt Spanning
58%
Hertz Frequentie
55%
Sievert Ioniserend vermogen
55%
Ampère Stroomsterkte
55%
Watt Vermogen
51%
Radiaal Hoek
49%
Tesla Magnetische inductie
30%
Katal Katalysche activiteit
29%
Coulomb Lading
27%
Weber Magnetische flux
27%
Siemens Elektrische geleidbaarheid
24%
Becquerel Radioactiviteit
24%
Farad Capaciteit
23%
Gray Ioniserende absorptie
17%
Mol Stofhoeveelheid
14%
Steradiaal Ruimtehoek
10%
Henry Zelfinductie
8%
Lux Verlichtingssterkte
7%
Geen overeenkomende quizzen gevonden
Scoreverdeling
Procent van Mensen met Elke Score
Percentiel versus Aantal Correcte Antwoorden
Uw Scoregeschiedenis
U heeft deze quiz nog niet genomen